Plesňové ochorenie kože hovädzieho dobytka : skúsenosti z okesu Plzeň - juh /

Hlavní autor: Plášil, Stanislav
Další autoři: Zárubský, Václav, Vacek, František
Jazyk: Slovenština
Vydáno: Bratislava : Pôdohospodárske vydavateľstvo, 1966
Vydání: 1. vyd.
Edice: Edícia Povereníctva pre pôdohospodárstvo
Témata:
Fyzický popis: 34 s. ; 8°
Knihy
Uloženo v:
LEADER 01408nam a22003972a 4500
001 001633256
003 CZ BrMZK
005 20220606134947.0
007 ta
008 180607s1966 xo er|||||||||||slo d
040 |a ABA001  |b cze  |c ABA001  |d ABA001  |d BOA001 
041 1 |a slo  |h cze 
072 7 |a 636.09  |x Veterinární lékařství  |2 Konspekt  |9 24 
080 |a 616.5  |2 MRF 
080 |a 636.2  |2 MRF 
080 |a 636.09  |2 MRF 
080 |a (041)  |2 MRF 
100 1 |a Plášil, Stanislav  |4 aut 
245 1 0 |a Plesňové ochorenie kože hovädzieho dobytka :  |b skúsenosti z okesu Plzeň - juh /  |c Stanislav Plášil, František Vacek, Václav Zárubský 
250 |a 1. vyd. 
260 |a Bratislava :  |b Pôdohospodárske vydavateľstvo,  |c 1966 
300 |a 34 s. ;  |c 8° 
490 1 |a Edícia Povereníctva pre pôdohospodárstvo ;  |v čís. 1A 
500 |a Přeloženo z češtiny 
650 0 7 |a plísně  |7 ph163042  |2 czenas 
650 0 7 |a kožní nemoci  |7 ph134859  |2 czenas 
650 0 7 |a skot  |7 ph116163  |2 czenas 
650 0 7 |a nemoci živočichů  |7 ph136504  |2 czenas 
655 7 |a brožury  |7 fd131925  |2 czenas 
700 1 |a Zárubský, Václav  |4 aut 
700 1 |a Vacek, František  |4 aut 
830 0 |a Edícia Povereníctva pre pôdohospodárstvo 
910 |a BOA001  |b X-0584.182 
990 |a BK 
991 |b 201806 
996 7 |b 2618935278  |c X-0584.182  |l MZK  |r Sklad / do 24 hodin  |n 0  |w 001669034  |u 000010  |a 1  |e BOA001  |j MZK50  |s A